|
|
|
|
| LEADER |
01025nam a22002657a 4500 |
| 001 |
33607 |
| 003 |
BD-DhAAL |
| 005 |
20180827160951.0 |
| 008 |
180827t2015 bg a|||| s|||f00| 0 eng d |
| 999 |
|
|
|c 39664
|d 39664
|
| 040 |
|
|
|a BD-DhAAL
|
| 082 |
|
|
|2 21
|a 324.95429205
|
| 245 |
|
|
|a 10th Parliamentary elections Report /
|c Election Working Group
|
| 260 |
|
|
|a Dhaka :
|b Election Working Group,
|c 2015
|
| 300 |
|
|
|a 70 pages :
|b illustrations ;
|c 28 cm.
|
| 504 |
|
|
|a Includes bibliographical references.
|
| 526 |
|
|
|a AAL
|
| 541 |
|
|
|a Development Book Agency
|e 33607
|
| 650 |
|
|
|a Election monitoring
|z Bangladesh.
|9 28016
|
| 650 |
|
|
|a Elections
|z Bangladesh.
|9 28017
|
| 651 |
|
|
|a Bangladesh
|x Politics and government.
|9 28018
|
| 710 |
|
|
|a Election Working Group
|9 28019
|
| 852 |
|
|
|a Ayesha Abed Library
|c General Stacks
|
| 942 |
|
|
|2 ddc
|c BK
|
| 952 |
|
|
|0 0
|1 0
|2 ddc
|4 0
|6 324_954292050000000_PAR
|7 0
|9 63878
|a BRACUL
|b BRACUL
|c GEN
|d 2018-07-23
|e Development Book Agency
|g 300.00
|l 0
|o 324.95429205 PAR
|p 3010033607
|r 2018-07-23
|t 1
|v 300.00
|w 2018-07-23
|y BK
|